[Event "GER-ch U12"]
[Site "Magdeburg"]
[Date "2014.06.12"]
[Round "8"]
[White "Hermanns, Till"]
[Black "Rosenhain, Rachela"]
[Result "1/2-1/2"]
[WhiteElo "1449"]
[BlackElo "1579"]
[PlyCount "132"]
[EventDate "2014.06.08"]
[EventType "swiss"]
[EventRounds "11"]
[EventCountry "GER"]
[SourceTitle "CBM 160 Extra"]
[Source "ChessBase"]
[SourceDate "2014.07.01"]
[SourceVersion "1"]
[SourceVersionDate "2014.07.01"]
[SourceQuality "1"]

1. d4 Nf6 2. Nf3 g6 3. Bf4 d6 4. e3 Bg7 5. h3 0-0 6. Be2 c5 7. d5 Nh5 8. c3 Nxf4 9. exf4 a6 10. a4 b6 11. 0-0 Bb7 12. Na3 Nd7 13. Nc2 Qc7 14. Ne3 e5 15. f5 Bc8 16. fxg6 hxg6 17. Nh2 Nf6 18. Nhg4 Nxg4 19. Bxg4 Bxg4 20. Nxg4 b5 21. Rc1 Qe7 22. axb5 axb5 23. c4 b4 24. f3 f5 25. Nf2 Ra2 26. Qb3 Rfa8 27. Rb1 R8a6 28. Rfe1 Kf7 29. Nd3 Qd7 30. Qc2 Qa4 31. Qxa4 R6xa4 32. Re2 Ra1 33. Ree1 Rxb1 34. Rxb1 Bh6 35. Kf2 e4 36. Ne1 Ra2 37. fxe4 fxe4 38. Kg3 Kf6 39. Nc2 Kf5 40. h4 Kf6 41. Kf2 Bf4 42. g3 Be5 43. Ke3 Rxb2 44. Rxb2 Bxb2 45. Kxe4 b3 46. Ne3 Be5 47. Ng4+ Kg7 48. Kd3 Bxg3 49. Kc3 Bxh4 50. Kxb3 g5 51. Kc2 Kg6 52. Kd3 Bg3 53. Ke2 Be5 54. Nxe5+ dxe5 55. Kf2 Kf6 56. Ke2 g4 57. Ke3 Kf5 58. Ke2 e4 59. Kf2 Ke5 60. Kf1 Kd6 61. Kf2 Ke7 62. Kf1 Kf6 63. Kf2 Kg5 64. Kf1 Kf5 65. Kf2 Ke5 66. Kf1 Kf6 1/2-1/2

[Event "GER-ch U12"]
[Site "Magdeburg"]
[Date "2014.06.09"]
[Round "4"]
[White "Hermanns, Till"]
[Black "Muetsch, Annmarie"]
[Result "1-0"]
[WhiteElo "1449"]
[BlackElo "1686"]
[PlyCount "63"]
[EventDate "2014.06.08"]
[EventType "swiss"]
[EventRounds "11"]
[EventCountry "GER"]
[SourceTitle "CBM 160 Extra"]
[Source "ChessBase"]
[SourceDate "2014.07.01"]
[SourceVersion "1"]
[SourceVersionDate "2014.07.01"]
[SourceQuality "1"]

1. d4 d5 2. c4 e6 3. Nf3 Nf6 4. Bg5 Be7 5. Bxf6 Bxf6 6. e3 Nd7 7. Nc3 c6 8. Be2 0-0 9. 0-0 Re8 10. Qd2 Nf8 11. b4 Ng6 12. b5 Qe7 13. bxc6 bxc6 14. cxd5 exd5 15. Na4 Nh4 16. Nc5 Nxf3+ 17. Bxf3 Bh4 18. g3 Bg5 19. Bg2 Bf5 20. Rfe1 Qf6 21. Rac1 Qh6 22. Qe2 Rad8 23. h4 Be7 24. Qf1 Rd6 25. Bh3 Bxh3 26. Qxh3 Rg6 27. Kf1 Bd6 28. Rc3 Bc7 29. Qd7 Rf8 30. Qxc7 Rg4 31. Nd7 Re8 32. Ne5 1-0

[Event "GER-ch U12"]
[Site "Magdeburg"]
[Date "2014.06.08"]
[Round "1"]
[White "Biastoch, Bennet"]
[Black "Hermanns, Till"]
[Result "1-0"]
[WhiteElo "1774"]
[BlackElo "1449"]
[PlyCount "95"]
[EventDate "2014.06.08"]
[EventType "swiss"]
[EventRounds "11"]
[EventCountry "GER"]
[SourceTitle "CBM 160 Extra"]
[Source "ChessBase"]
[SourceDate "2014.07.01"]
[SourceVersion "1"]
[SourceVersionDate "2014.07.01"]
[SourceQuality "1"]

1. e4 e6 2. d4 d5 3. Nc3 Nf6 4. e5 Nfd7 5. f4 Nb6 6. Nf3 h6 7. Be3 Bd7 8. Bd3 Qc8 9. Qd2 a6 10. Qf2 Nc6 11. 0-0 Qd8 12. Nh4 Qe7 13. f5 0-0-0 14. f6 gxf6 15. exf6 Qe8 16. Bf4 Bd6 17. Rae1 Bxf4 18. Qxf4 Nb4 19. Be2 Nc6 20. Bf3 Qg8 21. Bh5 Rf8 22. Nf3 Rh7 23. a3 Rd8 24. b4 Nc4 25. b5 Nb8 26. a4 axb5 27. axb5 Be8 28. Ra1 Rd6 29. h4 Rb6 30. Rfb1 Qf8 31. Kh1 Qd6 32. Ne5 Nxe5 33. dxe5 Qf8 34. Be2 c5 35. Na4 Rxb5 36. Bxb5 Bxb5 37. Rxb5 c4 38. Nb6+ Kc7 39. Ra7 Kc6 40. Rb1 Qc5 41. Rxb7 Na6 42. Na4 Qa5 43. R1b6+ Qxb6 44. Rxb6+ Kd7 45. Rxa6 Rh8 46. Ra7+ Kc6 47. Qd4 Kb5 48. Qb6# 1-0

[Event "Rheinhessen-ch U14"]
[Site "Heidesheim"]
[Date "2014.01.07"]
[Round "7"]
[White "Hermanns, Till"]
[Black "Metzen, Dominique Karl"]
[Result "1-0"]
[WhiteElo "1123"]
[BlackElo "806"]
[PlyCount "143"]
[EventDate "2014.01.04"]
[EventType "swiss"]
[EventRounds "7"]
[EventCountry "GER"]
[SourceTitle "EXT 2015"]
[Source "ChessBase"]
[SourceDate "2014.11.20"]
[SourceVersion "1"]
[SourceVersionDate "2014.11.20"]
[SourceQuality "1"]

1. d4 d5 2. c4 c6 3. Nc3 Nf6 4. Nf3 Bg4 5. e3 e6 6. h3 Bh5 7. Be2 Nbd7 8. 0-0 Bd6 9. Nd2 Bxe2 10. Qxe2 0-0 11. cxd5 cxd5 12. b3 Rc8 13. Bb2 e5 14. Nb5 Bb8 15. dxe5 Nxe5 16. Nd4 Nc6 17. N2f3 Nxd4 18. Nxd4 Qc7 19. Nf3 Ne4 20. Rfc1 Qd6 21. Be5 Qe6 22. Bxb8 Rxb8 23. Nd4 Qf6 24. Rc2 Nd6 25. Rac1 Rfe8 26. Rc5 Qxd4 27. Qh5 Re5 28. Qf5 Rxf5 29. exd4 h6 30. a4 Ne4 31. Rc8+ Rxc8 32. Rxc8+ Kh7 33. Rc7 Rxf2 34. Rxb7 Rd2 35. Rxa7 Rd1+ 36. Kh2 Rxd4 37. a5 Nc5 38. Ra8 Rd1 39. b4 Nb3 40. a6 Ra1 41. b5 Nc5 42. a7 Nd7 43. Kg3 Nb6 44. Rb8 d4 45. Rxb6 Rxa7 46. Rd6 Ra4 47. b6 Rb4 48. Kf3 Rb3+ 49. Ke2 f6 50. Kd2 Kg6 51. Kc2 Rb4 52. h4 Kf5 53. Kd3 g5 54. hxg5 hxg5 55. g4+ Ke5 56. Rd8 Rb1 57. Rb8 Rb3+ 58. Kc2 Rc3+ 59. Kb2 f5 60. b7 Rc7 61. Re8+ Kd5 62. b8Q Kc6 63. Qa8+ Kd7 64. Qa4+ Kd6 65. Qxd4+ Kc6 66. Re6+ Kb7 67. Qb6+ Kc8 68. Rd6 f4 69. Qa6+ Rb7+ 70. Rb6 Kd8 71. Qxb7 f3 72. Qa7 1-0

[Event "Rheinhessen-ch U14"]
[Site "Heidesheim"]
[Date "2014.01.05"]
[Round "3"]
[White "Hermanns, Till"]
[Black "Schaefer, Christoph"]
[Result "0-1"]
[WhiteElo "1123"]
[BlackElo "1157"]
[PlyCount "136"]
[EventDate "2014.01.04"]
[EventType "swiss"]
[EventRounds "7"]
[EventCountry "GER"]
[SourceTitle "EXT 2015"]
[Source "ChessBase"]
[SourceDate "2014.11.20"]
[SourceVersion "1"]
[SourceVersionDate "2014.11.20"]
[SourceQuality "1"]

1. d4 Nf6 2. c4 e5 3. e3 exd4 4. exd4 Bb4+ 5. Nc3 0-0 6. Nf3 Ne4 7. Qd3 Re8 8. Be2 d6 9. a3 Bxc3+ 10. bxc3 Bf5 11. 0-0 Ng3 12. Qd1 Nxe2+ 13. Kh1 Nxc3 14. Qb3 Ne4 15. Be3 b6 16. Rfe1 Nd7 17. h3 c6 18. Rac1 Be6 19. Qb1 Bf5 20. Qb3 Ndf6 21. Kh2 Rb8 22. Ng1 d5 23. Bf4 Rc8 24. f3 dxc4 25. Qxc4 Be6 26. Qd3 Nd6 27. Be5 Nh5 28. g4 f6 29. Bxd6 Qxd6+ 30. Kh1 Nf4 31. Qd2 Bd5 32. Rb1 Ng6 33. a4 Qg3 34. Qg2 Qxg2+ 35. Kxg2 Nf4+ 36. Kg3 Ne6 37. Red1 Rcd8 38. Rd2 Kf8 39. Rdd1 Rd6 40. Rd2 Red8 41. Rb4 c5 42. dxc5 Nxc5 43. Ne2 Bc6 44. Rxd6 Rxd6 45. a5 bxa5 46. Rc4 Ne6 47. Rc3 a4 48. Nc1 Nd4 49. f4 Nb5 50. Rc4 a3 51. Rb4 Nc3 52. Rc4 a2 53. Nb3 Ne4+ 54. Kh4 g5+ 55. fxg5 fxg5+ 56. Kh5 Kg7 57. Rxe4 Bxe4 58. Kxg5 Bd5 59. Nd4 Rg6+ 60. Kh4 a1Q 61. Nf5+ Kf6 62. Kh5 Qe5 63. h4 Rxg4 64. Kxg4 Qxf5+ 65. Kg3 Ke5 66. h5 Qf4+ 67. Kh3 Qg5 68. h6 Kf6 0-1

[Event "Rheinhessen-ch U14"]
[Site "Heidesheim"]
[Date "2014.01.04"]
[Round "1"]
[White "Hermanns, Till"]
[Black "Thielen, Jonas"]
[Result "1-0"]
[WhiteElo "1123"]
[BlackElo "812"]
[PlyCount "99"]
[EventDate "2014.01.04"]
[EventType "swiss"]
[EventRounds "7"]
[EventCountry "GER"]
[SourceTitle "EXT 2015"]
[Source "ChessBase"]
[SourceDate "2014.11.20"]
[SourceVersion "1"]
[SourceVersionDate "2014.11.20"]
[SourceQuality "1"]

1. d4 d5 2. c4 dxc4 3. Nc3 Nf6 4. Nf3 Nc6 5. Bg5 Bf5 6. a3 Na5 7. Bxf6 exf6 8. e3 c6 9. a4 Qb6 10. Ra2 Qb3 11. Qxb3 Nxb3 12. Bxc4 Na5 13. Nd2 Nxc4 14. Nxc4 Be6 15. b3 Bb4 16. Kd2 0-0 17. Rc1 f5 18. f3 f4 19. e4 Rfd8 20. Kd3 c5 21. d5 f5 22. Nb5 fxe4+ 23. fxe4 a6 24. Nc7 Bf7 25. Nxa8 Rxa8 26. a5 Bg6 27. Rf2 Re8 28. Rxf4 Rf8 29. Rxf8+ Kxf8 30. d6 Ke8 31. Rf1 h5 32. d7+ Kxd7 33. Ne5+ Ke6 34. Nxg6 Bxa5 35. Rf5 Kd7 36. Rxc5 b6 37. Rxh5 b5 38. Ne5+ Kc7 39. Rh7 Kb6 40. Rxg7 Bb4 41. Rg6+ Ka5 42. Nc6+ Kb6 43. Nxb4+ Ka7 44. h4 a5 45. Na2 a4 46. bxa4 bxa4 47. h5 a3 48. h6 Kb7 49. h7 Kc7 50. h8Q 1-0

[Event "Rheinland Pfalz op 5th"]
[Site "Worms"]
[Date "2013.06.02"]
[Round "7"]
[White "Hermanns, Till"]
[Black "Koch, Jean Philippe"]
[Result "1-0"]
[WhiteElo "1113"]
[BlackElo "707"]
[PlyCount "68"]
[EventDate "2013.05.30"]
[EventType "swiss"]
[EventRounds "7"]
[EventCountry "GER"]
[SourceTitle "EXT 2014"]
[Source "ChessBase"]
[SourceDate "2013.11.20"]
[SourceVersion "1"]
[SourceVersionDate "2013.11.20"]
[SourceQuality "1"]

1. d4 d5 2. c4 e5 3. e3 Nc6 4. Nc3 Nf6 5. h3 Bf5 6. Nf3 e4 7. Ne5 Nxe5 8. dxe5 Nd7 9. cxd5 Nxe5 10. g4 Bd7 11. Nxe4 Qe7 12. f4 Qb4+ 13. Nc3 Ng6 14. a3 Qa5 15. b4 Qb6 16. Qd4 Qd6 17. Ne4 Qe7 18. g5 Nh4 19. Kf2 Nf5 20. Qe5 Qxe5 21. fxe5 Ne7 22. d6 cxd6 23. Nxd6+ Kd8 24. Nxf7+ Ke8 25. Nxh8 Nc6 26. Bb2 Ke7 27. Bc4 Kd8 28. Nf7+ Kc7 29. Rad1 Be7 30. e6 Bc8 31. b5 Na5 32. Be5+ Kb6 33. Nd6 Bxg5 34. Nxc8+ Kc5 1-0

[Event "Rheinhessen-ch U12"]
[Site "Heidesheim"]
[Date "2013.01.19"]
[Round "4.2"]
[White "Grabmeier, Cajus"]
[Black "Hermanns, Till"]
[Result "0-1"]
[WhiteElo "767"]
[BlackElo "969"]
[PlyCount "60"]
[EventDate "2013.01.19"]
[EventType "swiss"]
[EventRounds "7"]
[EventCountry "GER"]
[SourceTitle "EXT 2014"]
[Source "ChessBase"]
[SourceDate "2013.11.20"]
[SourceVersion "1"]
[SourceVersionDate "2013.11.20"]
[SourceQuality "1"]

1. e4 e6 2. Nf3 d5 3. e5 c5 4. d4 Nc6 5. c3 Qb6 6. Be3 Qxb2 7. Nbd2 Qxc3 8. dxc5 Nxe5 9. Bd4 Nxf3+ 10. Qxf3 Qxd4 11. Bb5+ Ke7 12. 0-0 Qxd2 13. Rfd1 Qa5 14. a4 a6 15. Bd3 Qxc5 16. Rdc1 Qd6 17. a5 Bd7 18. Rab1 Bc6 19. Qh5 g6 20. Bxg6 fxg6 21. Qg5+ Nf6 22. Rxc6 Qxc6 23. Rb6 Qc3 24. Rxb7+ Ke8 25. h4 Qe1+ 26. Kh2 Qxf2 27. Qe5 Rc8 28. Qxe6+ Kd8 29. Qe5 Ng4+ 30. Kh1 Qf1# 0-1

[Event "Rheinhessen-ch U12"]
[Site "Heidesheim"]
[Date "2013.01.19"]
[Round "2.1"]
[White "Lutterbach, Jakob"]
[Black "Hermanns, Till"]
[Result "0-1"]
[WhiteElo "840"]
[BlackElo "969"]
[PlyCount "56"]
[EventDate "2013.01.19"]
[EventType "swiss"]
[EventRounds "7"]
[EventCountry "GER"]
[SourceTitle "EXT 2014"]
[Source "ChessBase"]
[SourceDate "2013.11.20"]
[SourceVersion "1"]
[SourceVersionDate "2013.11.20"]
[SourceQuality "1"]

1. e4 e6 2. d4 d5 3. e5 c5 4. c3 Nc6 5. Nf3 Qb6 6. Na3 Bd7 7. Rb1 c4 8. Be2 Bxa3 9. b3 Bxc1 10. Qxc1 Qa6 11. bxc4 dxc4 12. Nd2 b5 13. Qc2 Na5 14. a4 bxa4 15. Bf3 Rc8 16. Rb4 Rc7 17. Be2 Nb3 18. Bxc4 Qa5 19. Bxb3 axb3 20. Qxb3 Qa1+ 21. Nb1 Nh6 22. 0-0 Qa6 23. Na3 0-0 24. Qb2 f6 25. exf6 Rxf6 26. Ra1 Qd3 27. Rc1 Ng4 28. f3 Qe3+ 0-1

[Event "GER-chT U10"]
[Site "Magdeburg"]
[Date "2012.12.28"]
[Round "5.1"]
[White "Hermanns, Till"]
[Black "Suvorov, Luca"]
[Result "0-1"]
[WhiteElo "969"]
[BlackElo "1493"]
[PlyCount "68"]
[EventDate "2012.12.27"]
[EventType "team-swiss"]
[EventRounds "7"]
[EventCountry "GER"]
[SourceTitle "EXT 2014"]
[Source "ChessBase"]
[SourceDate "2013.11.20"]
[SourceVersion "1"]
[SourceVersionDate "2013.11.20"]
[SourceQuality "1"]
[WhiteTeam "Landskrone"]
[BlackTeam "Porz SG"]
[WhiteTeamCountry "GER"]
[BlackTeamCountry "GER"]

1. d4 Nf6 2. Bf4 e6 3. e3 b6 4. Bd3 Bb7 5. Nf3 Be7 6. Nbd2 0-0 7. c3 d6 8. Bb1 Nbd7 9. Qc2 Re8 10. e4 Nf8 11. Ng5 Ng6 12. g3 Nd7 13. h4 e5 14. dxe5 dxe5 15. h5 Nxf4 16. gxf4 Bxg5 17. fxg5 Qxg5 18. Nf3 Qg2 19. Ke2 Qxh1 20. Qb3 Qxh5 21. Qb5 Nc5 22. b4 Ba6 23. Qxa6 Nxa6 24. Bd3 Nb8 25. Rg1 Nd7 26. Bb5 Red8 27. Bc6 Rab8 28. Rg5 Qh6 29. Rf5 Qxc6 30. Nxe5 Qxe4+ 31. Kf1 Qxf5 32. Nxd7 Rxd7 33. b5 Rd1+ 34. Ke2 Qd3# 0-1

[Event "GER-chT U10"]
[Site "Magdeburg"]
[Date "2012.12.27"]
[Round "1.1"]
[White "Jahn, Felix"]
[Black "Hermanns, Till"]
[Result "0-1"]
[WhiteElo "1223"]
[BlackElo "969"]
[PlyCount "66"]
[EventDate "2012.12.27"]
[EventType "team-swiss"]
[EventRounds "7"]
[EventCountry "GER"]
[SourceTitle "EXT 2014"]
[Source "ChessBase"]
[SourceDate "2013.11.20"]
[SourceVersion "1"]
[SourceVersionDate "2013.11.20"]
[SourceQuality "1"]
[WhiteTeam "Leipzig BSG"]
[BlackTeam "Landskrone"]
[WhiteTeamCountry "GER"]
[BlackTeamCountry "GER"]

1. d4 Nf6 2. Bf4 e6 3. e3 d5 4. Bd3 c5 5. c3 Nc6 6. Nf3 Be7 7. 0-0 0-0 8. Nbd2 Bd7 9. Bb1 cxd4 10. cxd4 h6 11. Ne5 Bd6 12. Qc2 Rc8 13. Qd3 Nb4 14. Qe2 a6 15. Qf3 Qe7 16. Bxh6 gxh6 17. Qg3+ Kh8 18. Qh3 Ng8 19. Qh5 Bxe5 20. dxe5 Qg5 21. Qxg5 hxg5 22. f4 gxf4 23. Rxf4 Rc1+ 24. Kf2 Nc2 25. Rh4+ Kg7 26. Bxc2 Rxc2 27. Ke2 Rxb2 28. Rf1 Bb5+ 29. Kf2 Bxf1 30. Kxf1 Rxd2 31. Rf4 f6 32. exf6+ Rxf6 33. Rxf6 Nxf6 0-1